[Event "Bergisch Gladbach-ch 26th"]
[Site "Bergisch Gladbach"]
[Date "2004.10.01"]
[Round "5"]
[White "Meier, Tobias"]
[Black "Ommer, Stefan"]
[Result "1-0"]
[WhiteElo "1934"]
[BlackElo "1582"]
[PlyCount "45"]
[EventDate "2004.09.??"]
[EventType "swiss"]
[EventRounds "7"]
[EventCountry "GER"]
[SourceTitle "EXT 2005"]
[Source "ChessBase"]
[SourceDate "2004.11.15"]
[SourceVersion "1"]
[SourceVersionDate "2004.11.15"]
[SourceQuality "1"]

1. e4 d6 2. d4 Nf6 3. Nc3 g6 4. f4 Bg7 5. Nf3 0-0 6. Bc4 Nxe4 7. Bxf7+ Rxf7 8. Nxe4 Bf5 9. Neg5 Rf8 10. c3 b6 11. Nh4 h6 12. Nxf5 Rxf5 13. Ne4 e6 14. Qg4 Qe8 15. Ng3 Rf8 16. 0-0 Qf7 17. Bd2 Nd7 18. Rae1 Rae8 19. Qe2 c5 20. Qd3 d5 21. Nh1 c4 22. Qc2 Qf5 23. Qa4 1-0

[Event "Bergisch Gladbach-ch 26th"]
[Site "Bergisch Gladbach"]
[Date "2004.09.24"]
[Round "4"]
[White "Radovynsky, Jewgeni"]
[Black "Ommer, Stefan"]
[Result "0-1"]
[WhiteElo "1217"]
[BlackElo "1582"]
[PlyCount "98"]
[EventDate "2004.09.??"]
[EventType "swiss"]
[EventRounds "7"]
[EventCountry "GER"]
[SourceTitle "EXT 2005"]
[Source "ChessBase"]
[SourceDate "2004.11.15"]
[SourceVersion "1"]
[SourceVersionDate "2004.11.15"]
[SourceQuality "1"]

1. e4 c5 2. Nf3 Nc6 3. d4 cxd4 4. Nxd4 e5 5. Nxc6 bxc6 6. Bc4 Nf6 7. Nc3 Bb4 8. Qd3 0-0 9. Bd2 Qa5 10. 0-0 Qc7 11. Rfe1 Bb7 12. a3 Be7 13. Rad1 d5 14. exd5 cxd5 15. Nxd5 Nxd5 16. Bxd5 Rad8 17. c4 Bf6 18. Qb3 Bxd5 19. cxd5 Rb8 20. Qc3 Qb6 21. b4 Rfd8 22. Be3 Qb7 23. Qc6 Qe7 24. Bc5 Qd7 25. Qxd7 Rxd7 26. d6 Rc8 27. Rb1 a5 28. Rec1 axb4 29. axb4 g6 30. b5 Bg7 31. b6 Bf8 32. b7 Rb8 33. Ba7 Rbxb7 34. Rxb7 Rxb7 35. Bc5 Rd7 36. Rd1 Kg7 37. f3 Kf6 38. Kf2 Ke6 39. Ke3 f5 40. g4 Bxd6 41. Bxd6 Rxd6 42. Rd3 Rxd3+ 43. Kxd3 Kf6 44. Ke3 Kg5 45. Kf2 Kf4 46. h3 fxg4 47. fxg4 g5 48. Kg2 Ke3 49. Kf1 Kf3 0-1

[Event "Bergisch Gladbach-ch 26th"]
[Site "Bergisch Gladbach"]
[Date "2004.09.10"]
[Round "2"]
[White "Stieg, Karsten"]
[Black "Ommer, Stefan"]
[Result "0-1"]
[WhiteElo "1263"]
[BlackElo "1582"]
[PlyCount "80"]
[EventDate "2004.09.??"]
[EventType "swiss"]
[EventRounds "7"]
[EventCountry "GER"]
[SourceTitle "EXT 2005"]
[Source "ChessBase"]
[SourceDate "2004.11.15"]
[SourceVersion "1"]
[SourceVersionDate "2004.11.15"]
[SourceQuality "1"]

1. d4 Nf6 2. c4 g6 3. Nc3 Bg7 4. Nf3 0-0 5. Bg5 d6 6. e3 Nbd7 7. Be2 Re8 8. 0-0 e5 9. Qc2 b6 10. Rad1 Bb7 11. d5 Qe7 12. e4 Rac8 13. b4 c6 14. Qb3 Qf8 15. b5 cxd5 16. cxd5 Nc5 17. Qb1 Nfd7 18. Nd2 Rc7 19. Nb3 Rec8 20. Nxc5 Nxc5 21. Bg4 Rb8 22. f3 Bc8 23. h3 Bb7 24. h4 Bh6 25. Bf6 Be3+ 26. Kh1 Qh6 27. Rfe1 Bf2 28. Re2 Bxh4 29. Bxh4 Qxh4+ 30. Kg1 Bc8 31. Bxc8 Rbxc8 32. Ree1 Nd7 33. Ne2 Nf6 34. Rc1 Qg5 35. Rxc7 Rxc7 36. Qb4 Rc5 37. a4 Qe3+ 38. Kh2 Nh5 39. Qb2 Nf4 40. Kg3 Nd3 0-1

[Event "Bergisch Gladbach-ch 26th"]
[Site "Bergisch Gladbach"]
[Date "2004.09.03"]
[Round "1"]
[White "Ommer, Stefan"]
[Black "Gutt, Oswald"]
[Result "0-1"]
[WhiteElo "1582"]
[BlackElo "1941"]
[PlyCount "70"]
[EventDate "2004.09.??"]
[EventType "swiss"]
[EventRounds "7"]
[EventCountry "GER"]
[SourceTitle "EXT 2005"]
[Source "ChessBase"]
[SourceDate "2004.11.15"]
[SourceVersion "1"]
[SourceVersionDate "2004.11.15"]
[SourceQuality "1"]

1. e4 c5 2. Nf3 Nc6 3. d4 cxd4 4. Nxd4 Nf6 5. Nc3 e5 6. Nf3 Bb4 7. Bg5 Qa5 8. Bd2 0-0 9. Bd3 d6 10. h3 h6 11. 0-0 Be6 12. Qe2 Rfe8 13. Nb5 Bxd2 14. Nxd2 Rad8 15. Nc3 Nd4 16. Qe3 Qc7 17. Nf3 d5 18. Rad1 Nxf3+ 19. Qxf3 d4 20. Ne2 Rd6 21. Ng3 Nh7 22. Nf5 Ng5 23. Qg3 Bxf5 24. exf5 e4 25. Bb5 Re7 26. h4 Nh7 27. Rfe1 Nf6 28. Ba4 Rd5 29. Bb3 Qxg3 30. fxg3 Rd6 31. Bc4 Re5 32. c3 d3 33. Bxd3 Rxd3 34. Rxd3 exd3 35. Rxe5 d2 0-1